| 000 -LEADER |
| fixed length control field |
01065pab a2200169 454500 |
| 008 - FIXED-LENGTH DATA ELEMENTS--GENERAL INFORMATION |
| fixed length control field |
180718b2003 xxu||||| |||| 00| 0 eng d |
| 100 ## - MAIN ENTRY--PERSONAL NAME |
| Personal name |
Mehta, Pratap Bhanu |
| 245 ## - TITLE STATEMENT |
| Title |
India-Pakistan: the enduring stalemate |
| 260 ## - PUBLICATION, DISTRIBUTION, ETC. |
| Date of publication, distribution, etc. |
2003 |
| 300 ## - PHYSICAL DESCRIPTION |
| Extent |
p.2014-017. |
| 362 ## - DATES OF PUBLICATION AND/OR SEQUENTIAL DESIGNATION |
| Dates of publication and/or sequential designation |
24 May |
| 520 ## - SUMMARY, ETC. |
| Summary, etc. |
In the final analysis we need a political culture in both India and Pakistan that understands that sometimes nationalism is the enemy of the national interest; we need a political culture that is prepared to pay a short-run price for imagining a new architecture for the subcontinent; and we need a political culture that will allow both countries to transcend the sediments of history that are weighing them down. Unless all this changes we will remain trapped in current paradigms and assumptions which are such that only one side can claim victory, even as both have the power to destroy each other. - Reproduced. |
| 650 ## - SUBJECT ADDED ENTRY--TOPICAL TERM |
| Topical term or geographic name entry element |
India - Foreign relations - Pakistan |
| 650 ## - SUBJECT ADDED ENTRY--TOPICAL TERM |
| Topical term or geographic name entry element |
International relations |
| 773 ## - HOST ITEM ENTRY |
| Main entry heading |
Economic and Political Weekly |
| 909 ## - |
| -- |
56490 |